Представление документа в формате MARC21

Поле Инд. ПП Название Значение
Тип записи a
Библиографический уровень m
001 Контрольный номер fe76b3ec-8755-4163-a5f7-0a3bcfc73260
005 Дата корректировки 20201110100118.2
008 Кодируемые данные 000311 d
080 a Индекс УДК 330.14
084 a Индекс другой классификации/Индекс ББК У013.5
090 a Полочн. индекс 3К13
x Авторский знак К 20
100 1_ a Автор Маркс Карл
e Роль лиц Автор
245 0_ a Заглавие Капитал
b Продолж. заглавия Критика политической экономии : перевод с немецкого
c Ответственность Карл Маркс
n Номер части/ раздела Т. 1, кн. 1
p Название части/ раздела Процесс производства капитала
260 0_ a Место издания Москва
b Издательство Политиздат
c Дата издания 1978
300 a Объем 907 с.,[1] л. портр.
b Иллюстрации/ тип воспроизводства факс., табл.
500 a Примечание Указатели: 813-900.
653 0_ a Ключевые слова Капитал
a Ключевые слова Капиталистический способ производства
a Ключевые слова Политическая экономия
a Ключевые слова Экономическая теория
852 41 p Инвентарный номер 443855
p Инвентарный номер 443856
p Инвентарный номер 443859
p Инвентарный номер 443865
p Инвентарный номер 443866
p Инвентарный номер 443867
p Инвентарный номер 443869
p Инвентарный номер 443870
p Инвентарный номер 443871
p Инвентарный номер 443881
p Инвентарный номер 443883
p Инвентарный номер 443887
p Инвентарный номер 443893
p Инвентарный номер 443897
p Инвентарный номер 443899
p Инвентарный номер 452038
p Инвентарный номер 470023
p Инвентарный номер 531491
p Инвентарный номер 557910
t Порядковый номер экземпляра 19
901 t Тип документа m
920 a Оператор Семен
a Оператор Суха
a Оператор Стро
952 c Вид литературы К рн
954 a Дата поступления на обработку 27.10.97
954 a Дата поступления на обработку 20201106
c Дата окончания ОНО 20201110